[Event "POL-ch blind"]
[Site "Wagrowiec"]
[Date "2016.06.05"]
[Round "10"]
[White "Czajkowski, Adam"]
[Black "Suder, Ryszard"]
[Result "0-1"]
[WhiteElo "2082"]
[BlackElo "2138"]
[PlyCount "102"]
[EventDate "2016.05.28"]
[EventType "tourn"]
[EventRounds "11"]
[EventCountry "POL"]
[SourceTitle "EXT 2018"]
[Source "ChessBase"]
[SourceDate "2017.10.13"]
[SourceVersion "1"]
[SourceVersionDate "2017.10.13"]
[SourceQuality "1"]

1. e4 Nf6 2. e5 Nd5 3. d4 d6 4. Nf3 g6 5. Bc4 Nb6 6. Bb3 Bg7 7. Ng5 e6 8. f4 dxe5 9. fxe5 c5 10. c3 cxd4 11. cxd4 Nc6 12. 0-0 0-0 13. Nf3 f6 14. Bf4 Nd5 15. Bxd5 exd5 16. Nc3 Bg4 17. Qd2 Bxf3 18. Rxf3 fxe5 19. dxe5 Bxe5 20. Raf1 Bxf4 21. Rxf4 Rxf4 22. Qxf4 Qd7 23. Nb5 Rd8 24. h4 Qe7 25. Nc7 d4 26. Kh1 Rf8 27. Nd5 Qd8 28. Qxf8+ Qxf8 29. Rxf8+ Kxf8 30. Kg1 Kf7 31. Kf2 Ke6 32. Nf4+ Ke5 33. Kf3 b6 34. h5 gxh5 35. Nxh5 Nb4 36. a3 Nd3 37. b3 Ne1+ 38. Kf2 Nc2 39. a4 a5 40. Ke2 Na1 41. g4 Nxb3 42. g5 Nc5 43. Nf6 Kf5 44. Nxh7 Kg6 45. Nf6 Kxg5 46. Nd5 Kf5 47. Nxb6 Ke4 48. Nc4 d3+ 49. Kd2 Kd4 50. Nxa5 Ne4+ 51. Kd1 Kc3 0-1

[Event "POL-ch blind"]
[Site "Wagrowiec"]
[Date "2016.05.29"]
[Round "2"]
[White "Suder, Ryszard"]
[Black "Stachanczyk, Jacek"]
[Result "1/2-1/2"]
[WhiteElo "2138"]
[BlackElo "2202"]
[PlyCount "60"]
[EventDate "2016.05.28"]
[EventType "tourn"]
[EventRounds "11"]
[EventCountry "POL"]
[SourceTitle "EXT 2018"]
[Source "ChessBase"]
[SourceDate "2017.10.13"]
[SourceVersion "1"]
[SourceVersionDate "2017.10.13"]
[SourceQuality "1"]

1. Nf3 c5 2. g3 g6 3. Bg2 Bg7 4. 0-0 Nc6 5. c4 Nf6 6. Nc3 0-0 7. d4 cxd4 8. Nxd4 Nxd4 9. Qxd4 d6 10. Qd3 Be6 11. Bxb7 Rb8 12. Bg2 Qa5 13. Nd5 Nxd5 14. cxd5 Bf5 15. Qe3 Qa6 16. Re1 Rfc8 17. a4 Rc7 18. a5 Bxb2 19. Bxb2 Rxb2 20. Ra4 Qb5 21. Raa1 Qc5 22. Qf4 Qb4 23. Qxb4 Rxb4 24. e4 Bd7 25. Ra2 Rcc4 26. f4 Kg7 27. Kf2 Kf6 28. Ree2 Ra4 29. e5+ Kg7 30. Rab2 Rc7 1/2-1/2

[Event "W-ch Disabled"]
[Site "Dresden"]
[Date "2015.10.24"]
[Round "7"]
[White "Zimmer, Raphael"]
[Black "Suder, Ryszard"]
[Result "1/2-1/2"]
[WhiteElo "1985"]
[BlackElo "2128"]
[PlyCount "60"]
[EventDate "2015.10.18"]
[EventType "swiss"]
[EventRounds "7"]
[EventCountry "GER"]
[SourceTitle "CBM 168 Extra"]
[Source "ChessBase"]
[SourceDate "2015.10.29"]
[SourceVersion "1"]
[SourceVersionDate "2015.10.29"]
[SourceQuality "1"]

1. e4 d6 2. Bc4 Nf6 3. d3 g6 4. Nc3 Bg7 5. f4 c6 6. Nf3 0-0 7. 0-0 d5 8. Bb3 Bg4 9. Qe1 Bxf3 10. Rxf3 e6 11. f5 exf5 12. exf5 Nbd7 13. Qh4 Nh5 14. Bg5 Bf6 15. fxg6 fxg6 16. Bxf6 Rxf6 17. Rxf6 Qxf6 18. Qxf6 Nhxf6 19. Re1 Kf7 20. d4 Re8 21. Rxe8 Kxe8 22. h3 Ke7 23. Kf2 Nf8 24. Ke3 Ne6 25. Ne2 Nd7 26. c3 Kf6 27. Bc2 h6 28. Bd3 Ndf8 29. h4 g5 30. hxg5+ hxg5 1/2-1/2

[Event "W-ch Disabled"]
[Site "Dresden"]
[Date "2015.10.22"]
[Round "5"]
[White "Miozga, Tomasz"]
[Black "Suder, Ryszard"]
[Result "1/2-1/2"]
[WhiteElo "1995"]
[BlackElo "2128"]
[PlyCount "101"]
[EventDate "2015.10.18"]
[EventType "swiss"]
[EventRounds "7"]
[EventCountry "GER"]
[SourceTitle "CBM 168 Extra"]
[Source "ChessBase"]
[SourceDate "2015.10.29"]
[SourceVersion "1"]
[SourceVersionDate "2015.10.29"]
[SourceQuality "1"]

1. e4 Nf6 2. Nc3 d5 3. exd5 Nxd5 4. Nxd5 Qxd5 5. d4 Nc6 6. Be3 e5 7. Ne2 Be6 8. Nc3 Bb4 9. Qd2 exd4 10. Nxd5 Bxd2+ 11. Bxd2 Bxd5 12. 0-0-0 0-0-0 13. f3 Rhe8 14. Bb5 a6 15. Bxc6 Bxc6 16. Rhe1 Bb5 17. Bf4 Re6 18. Rxe6 fxe6 19. Be5 c5 20. c3 Be2 21. Re1 d3 22. Kd2 Kd7 23. a4 Kc6 24. c4 g5 25. a5 Rf8 26. Ra1 Rf5 27. Bb8 h5 28. Ra3 Bf1 29. Ke1 Bxg2 30. Rxd3 b5 31. Rd6+ Kb7 32. Rb6+ Ka8 33. cxb5 axb5 34. Rxb5 c4 35. Rxf5 exf5 36. Be5 Bxf3 37. Bf6 g4 38. Kf2 Kb7 39. Kg3 Ka6 40. Bc3 Bd1 41. Kf4 h4 42. Be1 g3 43. h3 g2 44. Bf2 Kxa5 45. Kxf5 Kb4 46. Kg5 Kb3 47. Bd4 Kc2 48. Kxh4 Kd3 49. Bg1 Ke2 50. Kg3 Kf1 51. Kh2 1/2-1/2

[Event "W-ch Disabled"]
[Site "Dresden"]
[Date "2015.10.20"]
[Round "3"]
[White "Kovalenko, Vladimir N"]
[Black "Suder, Ryszard"]
[Result "1-0"]
[WhiteElo "2068"]
[BlackElo "2128"]
[PlyCount "97"]
[EventDate "2015.10.18"]
[EventType "swiss"]
[EventRounds "7"]
[EventCountry "GER"]
[SourceTitle "CBM 168 Extra"]
[Source "ChessBase"]
[SourceDate "2015.10.29"]
[SourceVersion "1"]
[SourceVersionDate "2015.10.29"]
[SourceQuality "1"]

1. e4 Nf6 2. e5 Nd5 3. Bc4 e6 4. d4 d6 5. Nf3 Be7 6. 0-0 Nc6 7. a3 Nb6 8. Bd3 dxe5 9. dxe5 Nd7 10. Qe2 Nc5 11. Bc4 Nd4 12. Nxd4 Qxd4 13. Nc3 c6 14. Rd1 Qh4 15. Be3 g5 16. Rd4 Qh6 17. Rad1 Qg7 18. Bc1 a5 19. a4 0-0 20. Rg4 h5 21. Rgd4 g4 22. Bf4 Bg5 23. Qe3 Bxf4 24. Rxf4 b6 25. Ne4 Nxe4 26. Qxe4 Rb8 27. Rf6 b5 28. axb5 cxb5 29. Bd3 Bb7 30. Qf4 Rfd8 31. Rh6 Be4 32. Rxh5 Bxd3 33. cxd3 Kf8 34. Rg5 Qh7 35. d4 Qc2 36. Qxg4 Ke7 37. Rg7 Rf8 38. d5 Rbd8 39. d6+ Kd7 40. Qd4 Ra8 41. Re1 a4 42. Qf4 Qf5 43. Qd4 Qc2 44. h4 a3 45. bxa3 Rxa3 46. Qb4 Qa4 47. Qc5 Qa5 48. Rc1 Ra1 49. Qc6+ 1-0